000 00983nas a2200289 4500
001 BR2013005982
003 BR-BrBNA
005 20231205122726.0
007 ta
008 230509b bl.|||p| |||| 00| 00por d
040 _aBR-BrBNA
_bpor
_cBiblioteca Nacional de Agricultura
041 _a(Pt)
072 _aF50; F40
100 1 _aEsposito-Polesi, N.P.
100 1 _aRodrigues, R.R.
100 1 _aAlmeida, M. de
245 1 _aAnatomia ecológica da folha de Eugenia glazioviana Kiaersk (Myrtaceae)
246 1 _aEcological anatomy of Eugenia glazioviana kiaersk leaf (Myrtaceae)
650 _aANATOMIA VEGETAL
650 _aFOLHA
650 _aECOLOGIA VEGETAL
650 _aCONDIÇÃO AMBIENTAL
773 0 _tRevista Árvore (Brazil)
_xISSN 0100-6762
_g(Mar-Apr 2011), v. 35(2) p. 255-263
_wBR2013005982
856 4 _uhttp://www.scielo.br/pdf/rarv/v35n2/a10v35n2.pdf
_yRecurso eletrônico (PDF)
909 _a202311
_bLúcia
_c55
_dLúcia Elande
942 _2AGRIS
_n0
_cANA
999 _c230196
_d230196